Affektpoetiken des New Hollywood : Suspense, Paranoia und Melancholie.

Bibliographic Details
Main Author: Lehmann, Hauke.
Format: eBook
Language:German
Published: Berlin/Boston : De Gruyter, Inc., 2016.
Edition:1st ed.
Series:Cinepoetics Series
Subjects:
Online Access:Click to View
LEADER 04858nam a22004093i 4500
001 EBC4793929
003 MiAaPQ
005 20231204023213.0
006 m o d |
007 cr cnu||||||||
008 231204s2016 xx o ||||0 ger d
020 |a 9783110488739  |q (electronic bk.) 
020 |z 9783110480115 
035 |a (MiAaPQ)EBC4793929 
035 |a (Au-PeEL)EBL4793929 
035 |a (CaPaEBR)ebr11334825 
035 |a (OCoLC)962360038 
040 |a MiAaPQ  |b eng  |e rda  |e pn  |c MiAaPQ  |d MiAaPQ 
100 1 |a Lehmann, Hauke. 
245 1 0 |a Affektpoetiken des New Hollywood :  |b Suspense, Paranoia und Melancholie. 
250 |a 1st ed. 
264 1 |a Berlin/Boston :  |b De Gruyter, Inc.,  |c 2016. 
264 4 |c ©2017. 
300 |a 1 online resource (384 pages) 
336 |a text  |b txt  |2 rdacontent 
337 |a computer  |b c  |2 rdamedia 
338 |a online resource  |b cr  |2 rdacarrier 
490 1 |a Cinepoetics Series ;  |v v.2 
505 0 |a Intro -- Inhalt -- Danksagung -- 1 Die Aufspaltung des Zuschauers -- 1.1 Einleitung -- Eine Geschichte des Fühlens -- Ein Riss im Fühlen -- Der Schock der Freiheit -- 1.2 Filmische Expressivität -- Emotion in der Filmtheorie -- Filmische Bewegung und der Zuschauer -- Das Ganze und die Dauer -- Ausdruck und Erfahrung -- Filmische Bewegung und Emotion -- 1.3 Zur Affektpoetik des New Hollywood -- Der Begriff des New Hollywood -- Der inkohärente Text -- Das Neue am New Hollywood -- Schock und Freiheit: Modi von Affektivität -- 2 Suspense: Formen filmischen Denkens -- 2.1 Theoretische Herleitung -- Forschungsstand zum Suspense -- Das Paradox des Suspense -- Etymologie und erste Schlussfolgerungen -- Suspense und filmische Bewegung -- Suspendieren: Aufschieben -- 2.2 Analyse -- Carrie -- Die Prom Night-Sequenz -- Die Fahrt -- Rhythmus und Perspektive -- Krönung und Demütigung -- Aufschaukeln -- Die Zeit der Imagination -- Gesicht und Fratze -- 2.3 Schlussfolgerungen und historischer Ausblick -- Telekinese und Emotion: Schock und Suspense -- Suspense im New Hollywood: Subversion der Genres -- 3 Paranoia: Formen der Mediatisierung -- 3.1 Ideengeschichtlicher Kontext und theoretische Herleitung -- Schwierigkeiten der Definition -- Paranoider Stil und intellektuelle Gefühle -- Paranoia und postklassisches Kino -- 3.2 Analyse -- The Parallax View -- Die Eingangssequenz -- Die Bodenlosigkeit der Geschichte -- Flächigkeit und Exponiertheit -- Zapruder und der gespaltene Zuschauer -- Ironische Zeitlichkeit -- Wahrnehmung zwischen Fernsehen und Kino -- Kombinatorik der Elemente -- 3.3 Historischer Ausblick -- Paranoia im New Hollywood -- Jenseits des New Hollywood: Paranoid Cinema of Action -- 4 Melancholie: Formen des Geschichtsempfindens -- 4.1 Genealogische Herleitung -- Die Gefräßigkeit des Kinos -- Der Spiegel und der unmittelbare Moment. 
505 8 |a Film als Todesspiegel -- Kracauer, Anger und die Hinwendung zum Zuschauer -- Melancholie und Kannibalismus -- 4.2 Analyse -- Electra Glide in Blue -- Das Ende des Films -- Anklage und paradoxe Zeitlichkeit -- Die Kamera als Engel der (Film-)Geschichte -- Atomisierte Zeit -- Tonalität und Pathos -- Stimmung und Ver-Stimmung: Landschaft und Textur -- Die Selbstentfremdung der Bewegung -- 4.3 Historischer Ausblick -- Melancholie im New Hollywood -- Das Spektrum der Stimmungen und die Suche nach Balance -- 5 Die Entstehung eines Stils: Zur Theorie und Poetik der Figur -- 5.1 Problemstellung und Analyse -- David Holzman's Diary -- Point of View -- Die Einstellung als abstrakte Struktur -- Die Wandlung des Blicks -- Zeitlupe und Ton: Das Bild als relationales Gefüge -- Mikro-Suspense -- 5.2 Zum Zusammenhang von Figur und Stil: Modi von Affektivität -- Die Metamorphose der Körper -- Zeit, Perspektive und Figur -- Vor und hinter der Kamera -- Suspense, Paranoia und Melancholie -- 6 Schluss -- 6.1 Die neuen Formen im Spannungsfeld der affektiven Modi -- Systematik der affektiven Modi -- Kannibalismus: Das Ende der Welt im Horrorfilm -- Der suspendierte Suspense im Road Movie -- Paranoia und Melancholie im Neo-Noir -- 6.2 Eine Geschichte des Fühlens: Kino nach 9/11 -- Abbildungsverzeichnis -- Literaturverzeichnis -- Namenregister -- Filmregister -- Sachregister -- Farbabbildungen. 
588 |a Description based on publisher supplied metadata and other sources. 
590 |a Electronic reproduction. Ann Arbor, Michigan : ProQuest Ebook Central, 2023. Available via World Wide Web. Access may be limited to ProQuest Ebook Central affiliated libraries.  
655 4 |a Electronic books. 
776 0 8 |i Print version:  |a Lehmann, Hauke  |t Affektpoetiken des New Hollywood  |d Berlin/Boston : De Gruyter, Inc.,c2016  |z 9783110480115 
797 2 |a ProQuest (Firm) 
830 0 |a Cinepoetics Series 
856 4 0 |u https://ebookcentral.proquest.com/lib/matrademy/detail.action?docID=4793929  |z Click to View